<?xml version="1.0" encoding="UTF-8"?>
<record
    xmlns:xsi="http://www.w3.org/2001/XMLSchema-instance"
    xsi:schemaLocation="http://www.loc.gov/MARC21/slim http://www.loc.gov/standards/marcxml/schema/MARC21slim.xsd"
    xmlns="http://www.loc.gov/MARC21/slim">

  <leader>00850nam a22001337a 4500</leader>
  <datafield tag="040" ind1=" " ind2=" ">
    <subfield code="c">RUA</subfield>
  </datafield>
  <datafield tag="082" ind1=" " ind2=" ">
    <subfield code="a">AVM KIM 2010 B092 Or.1</subfield>
  </datafield>
  <datafield tag="100" ind1=" " ind2=" ">
    <subfield code="a">KIM SOKOL</subfield>
  </datafield>
  <datafield tag="245" ind1=" " ind2=" ">
    <subfield code="a">Effect of supplementation of chinese kale (brassica alboglaba) and shrimp by-product on growth rate of broiler at royal university of agriculture, (&#x17A5;&#x1791;&#x17D2;&#x1792;&#x17B7;&#x1796;&#x179B;&#x1793;&#x17C3;&#x1780;&#x17B6;&#x179A;&#x1794;&#x1793;&#x17D2;&#x1790;&#x17C2;&#x1798;&#x179F;&#x17D2;&#x179B;&#x17B9;&#x1780;&#x1781;&#x17B6;&#x178F;&#x17CB;&#x178E;&#x17B6;&#x179F;&#x17D2;&#x179A;&#x179F;&#x17CB; &#x1793;&#x17B7;&#x1784;&#x17A2;&#x1793;&#x17BB;&#x1795;&#x179B;&#x1794;&#x1784;&#x17D2;&#x1782;&#x17B6;&#x179B;&#x17BE;&#x1785;&#x17C6;&#x178E;&#x17B8;&#x1795;&#x17D2;&#x179F;&#x17C6; &#x179F;&#x17CA;&#x17B8;.&#x1797;&#x17B8; &#x179B;&#x17BE;&#x1780;&#x17B6;&#x179A;&#x179B;&#x17BC;&#x178F;&#x179B;&#x17B6;&#x179F;&#x17CB;&#x179A;&#x1794;&#x179F;&#x17CB;&#x1798;&#x17B6;&#x1793;&#x17CB;&#x179F;&#x17B6;&#x1785;&#x17CB;&#xA0;&#x1793;&#x17C5;&#x179F;&#x17B6;&#x1780;&#x179B;&#x179C;&#x17B7;&#x1791;&#x17D2;&#x1799;&#x17B6;&#x179B;&#x17D0;&#x1799;&#x1797;&#x17BC;&#x1798;&#x17B7;&#x1793;&#x17D2;&#x1791;&#x1780;&#x179F;&#x17B7;&#x1780;&#x1798;&#x17D2;&#x1798;)</subfield>
  </datafield>
  <datafield tag="260" ind1=" " ind2=" ">
    <subfield code="a">phnom penh </subfield>
    <subfield code="b">rua</subfield>
    <subfield code="c">2010</subfield>
  </datafield>
  <datafield tag="300" ind1=" " ind2=" ">
    <subfield code="a">x, 40p.</subfield>
    <subfield code="b">ill.</subfield>
    <subfield code="c">29cm.</subfield>
  </datafield>
  <datafield tag="856" ind1=" " ind2=" ">
    <subfield code="u">https://drive.google.com/file/d/1xCHoPE9Id7YZ8FTIeiO5rANCb9IMQP7F/view?usp=sharing</subfield>
  </datafield>
  <datafield tag="942" ind1=" " ind2=" ">
    <subfield code="c">AVM</subfield>
  </datafield>
  <datafield tag="999" ind1=" " ind2=" ">
    <subfield code="c">2380</subfield>
    <subfield code="d">2380</subfield>
  </datafield>
  <datafield tag="952" ind1=" " ind2=" ">
    <subfield code="0">0</subfield>
    <subfield code="1">0</subfield>
    <subfield code="2">ddc</subfield>
    <subfield code="4">0</subfield>
    <subfield code="6">AVM_KIM_2010_000000000000000_B092_OR_1</subfield>
    <subfield code="7">0</subfield>
    <subfield code="9">10510</subfield>
    <subfield code="a">LBB</subfield>
    <subfield code="b">LBB</subfield>
    <subfield code="c">B092</subfield>
    <subfield code="d">2015-10-20</subfield>
    <subfield code="l">1</subfield>
    <subfield code="o">AVM KIM 2010 B092 Or.1</subfield>
    <subfield code="p">RUA020369</subfield>
    <subfield code="r">2016-05-02</subfield>
    <subfield code="s">2016-04-20</subfield>
    <subfield code="w">2015-10-20</subfield>
    <subfield code="y">AVM</subfield>
  </datafield>
  <datafield tag="952" ind1=" " ind2=" ">
    <subfield code="0">0</subfield>
    <subfield code="1">0</subfield>
    <subfield code="2">ddc</subfield>
    <subfield code="4">0</subfield>
    <subfield code="6">AVM_KIM_2010_000000000000000_B092_OR_2</subfield>
    <subfield code="7">0</subfield>
    <subfield code="9">10511</subfield>
    <subfield code="a">LBB</subfield>
    <subfield code="b">LBB</subfield>
    <subfield code="c">B092</subfield>
    <subfield code="d">2015-10-20</subfield>
    <subfield code="o">AVM KIM 2010 B092 Or.2</subfield>
    <subfield code="p">RUA020250</subfield>
    <subfield code="r">2015-10-20</subfield>
    <subfield code="w">2015-10-20</subfield>
    <subfield code="y">AVM</subfield>
  </datafield>
  <datafield tag="952" ind1=" " ind2=" ">
    <subfield code="0">0</subfield>
    <subfield code="1">0</subfield>
    <subfield code="2">ddc</subfield>
    <subfield code="4">0</subfield>
    <subfield code="6">AVM_KIM_2010_000000000000000_B092_OR_3</subfield>
    <subfield code="7">0</subfield>
    <subfield code="9">10512</subfield>
    <subfield code="a">LBB</subfield>
    <subfield code="b">LBB</subfield>
    <subfield code="c">B092</subfield>
    <subfield code="d">2015-10-20</subfield>
    <subfield code="o">AVM KIM 2010 B092 Or.3</subfield>
    <subfield code="p">RUA020175</subfield>
    <subfield code="r">2015-10-20</subfield>
    <subfield code="w">2015-10-20</subfield>
    <subfield code="y">AVM</subfield>
  </datafield>
  <datafield tag="952" ind1=" " ind2=" ">
    <subfield code="0">0</subfield>
    <subfield code="1">0</subfield>
    <subfield code="2">ddc</subfield>
    <subfield code="4">0</subfield>
    <subfield code="6">AVM_KIM_2010_000000000000000_B092_OR_4</subfield>
    <subfield code="7">0</subfield>
    <subfield code="9">10513</subfield>
    <subfield code="a">LBB</subfield>
    <subfield code="b">LBB</subfield>
    <subfield code="c">B092</subfield>
    <subfield code="d">2015-10-20</subfield>
    <subfield code="o">AVM KIM 2010 B092 Or.4</subfield>
    <subfield code="p">RUA020247</subfield>
    <subfield code="r">2015-10-20</subfield>
    <subfield code="w">2015-10-20</subfield>
    <subfield code="y">AVM</subfield>
  </datafield>
  <datafield tag="952" ind1=" " ind2=" ">
    <subfield code="0">0</subfield>
    <subfield code="1">0</subfield>
    <subfield code="2">ddc</subfield>
    <subfield code="4">0</subfield>
    <subfield code="6">AVM_KIM_2010_000000000000000_B092_OR_5</subfield>
    <subfield code="7">0</subfield>
    <subfield code="9">10514</subfield>
    <subfield code="a">LBB</subfield>
    <subfield code="b">LBB</subfield>
    <subfield code="c">B092</subfield>
    <subfield code="d">2015-10-20</subfield>
    <subfield code="o">AVM KIM 2010 B092 Or.5</subfield>
    <subfield code="p">RUA020321</subfield>
    <subfield code="r">2015-10-20</subfield>
    <subfield code="w">2015-10-20</subfield>
    <subfield code="y">AVM</subfield>
  </datafield>
  <datafield tag="952" ind1=" " ind2=" ">
    <subfield code="0">0</subfield>
    <subfield code="1">0</subfield>
    <subfield code="2">ddc</subfield>
    <subfield code="4">0</subfield>
    <subfield code="6">AVM_KIM_2010_000000000000000_B092_OR_6</subfield>
    <subfield code="7">0</subfield>
    <subfield code="9">10515</subfield>
    <subfield code="a">LBB</subfield>
    <subfield code="b">LBB</subfield>
    <subfield code="c">B092</subfield>
    <subfield code="d">2015-10-20</subfield>
    <subfield code="o">AVM KIM 2010 B092 Or.6</subfield>
    <subfield code="p">RUA018725</subfield>
    <subfield code="r">2015-10-20</subfield>
    <subfield code="w">2015-10-20</subfield>
    <subfield code="y">AVM</subfield>
  </datafield>
  <datafield tag="952" ind1=" " ind2=" ">
    <subfield code="0">0</subfield>
    <subfield code="1">0</subfield>
    <subfield code="2">ddc</subfield>
    <subfield code="4">0</subfield>
    <subfield code="6">AVM_KIM_2010_000000000000000_B092_OR_7</subfield>
    <subfield code="7">0</subfield>
    <subfield code="9">10516</subfield>
    <subfield code="a">LBB</subfield>
    <subfield code="b">LBB</subfield>
    <subfield code="c">B092</subfield>
    <subfield code="d">2015-10-20</subfield>
    <subfield code="l">1</subfield>
    <subfield code="o">AVM KIM 2010 B092 Or.7</subfield>
    <subfield code="p">RUA018866</subfield>
    <subfield code="r">2024-07-31</subfield>
    <subfield code="s">2024-07-29</subfield>
    <subfield code="w">2015-10-20</subfield>
    <subfield code="y">AVM</subfield>
  </datafield>
</record>
